000 00353nam a22001457a 4500
003 SGT
020 _a90-5702-054-8
082 _a615.6
_bWAT
100 _aWATANBE, HIRASHI
245 _aPHARMACOLOGICAL RESEARCH TRADITIONAL HERBAL MEDICINE
260 _aINDIA
_bHARWOOD PUB.
_c2010
300 _a247
650 _aHERBAL MEDICINE
942 _2ddc
_cBK
999 _c33108
_d33108